00678cam a2200229 45000010008000000030004000080050017000120080041000290100017000700400030000870430012001170820016001291000033001452450060001782500013002382600033002513000019002843500009003034400030003126510055003426510051003971718920OSt20230620115242.0720814s1970 ko 000 0 eng  a 72182369  aDLCcDLCdDLCdOCoLCdDLC aa-ko---00a320.95bHEE1 aPark, Chung Hee,d1917-1979.14aThe country, the revolution, and I,cby Park Chung Hee. a[2d ed.] aSeoul,bHollym Corp.c[1970] a191 p.c24 cm. a6.30 2aA New horizon in Asia,v2 0aKorea (South)xPolitics and governmenty1960-1988. 0aKorea (South)xEconomic conditionsy1960-1988.